Caudillos y campesinos en la revolución mexicana
-д хадгалсан:
| Үндсэн зохиолч: | |
|---|---|
| Формат: | Ном |
| Хэл сонгох: | испани |
| Хэвлэсэн: |
Ciudad de México
Fondo de Cultura Económica
1985
|
| Хэвлэл: | 1a. ed |
| Цуврал: | Sección Obras de Historia
|
| Нөхцлүүд: | |
| Шошгууд: |
Шошго нэмэх
Шошго байхгүй, Энэхүү баримтыг шошголох эхний хүн болох!
|
MARC
| LEADER | 00000cam a2200000 a 4500 | ||
|---|---|---|---|
| 001 | UCF4044 | ||
| 003 | CL-VaPUC | ||
| 008 | 121115e19850000MX |||||||||||||||||spa|d | ||
| 020 | |a 9789681619251 | ||
| 082 | 0 | 4 | |a 972.0816 |b BRA |2 21 |
| 100 | 0 | |a Brading, David A |e author |9 565684 | |
| 245 | 1 | 0 | |a Caudillos y campesinos en la revolución mexicana |
| 250 | |a 1a. ed | ||
| 300 | |a 336 p | ||
| 942 | |c BK | ||
| 945 | |d 20121115 00:00:00 |a dcastane | ||
| 260 | |a Ciudad de México |b Fondo de Cultura Económica |c 1985 | ||
| 650 | 0 | |a Historia de México |9 321806 | |
| 650 | 0 | |a Revolución mexicana |9 369585 | |
| 583 | |a last modification |c 20121115 10:00:00 |k Rodrigo Vera | ||
| 490 | 0 | |a Sección Obras de Historia | |
| 999 | |c 350040 |d 350038 | ||
| 952 | |0 0 |1 0 |4 0 |6 972_081600000000000_BRA_1985 |7 0 |8 A |9 453011 |a BIBHIS |b BIBHIS |d 2019-11-22 |i 4923847 |l 2 |o 972.0816 BRA 1985 |p 4923847 |r 2025-01-20 |s 2022-06-16 |w 2019-11-22 |y BK |k HIS | ||